The Scar/ (Record no. 216621)

MARC details
000 -LEADER
fixed length control field 00598nam a22002057a 4500
005 - DATE AND TIME OF LATEST TRANSACTION
control field 20260611151550.0
010 ## - LCCN (DPL NO)
LC control number ENG-148838
020 ## - INTERNATIONAL STANDARD BOOK NUMBER
International Standard Book Number 9789354428623
Terms of availability 550.00
035 ## - SYSTEM CONTROL NUMBER
System control number EN-132370
037 ## - SOURCE OF ACQUISITION
Stock number DBAD
082 ## - DEWEY DECIMAL CLASSIFICATION NUMBER
Classification number 921
100 ## - MAIN ENTRY--PERSONAL NAME
Personal name Gunasekaran, K.A.
245 ## - TITLE STATEMENT
Title The Scar/
Statement of responsibility, etc K.A. Gunasekaran [and] Translated By V. Kadambari
250 ## - EDITION STATEMENT
Edition statement 1
260 ## - PUBLICATION, DISTRIBUTION, ETC. (IMPRINT)
Place of publication, distribution, etc Hyderabad
Name of publisher, distributor, etc Orient BlackSwan
Date of publication, distribution, etc 2024
270 ## - ADDRESS
Address 3-6-752 Himayatnagar,
City Hyderabad
Postal code 500029
300 ## - PHYSICAL DESCRIPTION
Extent 98p.
Dimensions 22cm(hb)
700 ## - ADDED ENTRY--PERSONAL NAME
Personal name V. Kadambari
Relator term Translator
9 (RLIN) 89367
942 ## - ADDED ENTRY ELEMENTS (KOHA)
Source of classification or shelving scheme Dewey Decimal Classification
Item type English Books
Call number suffix GUN
Classification part 921
Holdings
Withdrawn status Lost status Not for loan Collection code Home library Current library Date acquired Source of acquisition Cost, normal purchase price Full call number Barcode Copy number Cost, replacement price Koha item type
    Not For Loan Non-fiction D.B.Act.Division D.B.Act.Division 11/06/2026 Delivery of Books Act Division 550.00 GUN 921 EN-132370 1 550.00 English Books

© Delhi Public Library
Hit Counter
free hit counter